An Assesment of the Role of Faith Based Organizations (FBos) in Post War Reconstruction in Yei County, Central, Equatorial State, South Sudan (Record no. 51551)

MARC details
000 -LEADER
fixed length control field 00652nam a22001697a 4500
008 - FIXED-LENGTH DATA ELEMENTS--GENERAL INFORMATION
fixed length control field 170925b xxu||||| |||| 00| 0 eng d
050 ## - LIBRARY OF CONGRESS CALL NUMBER
Classification number THE JZ5538
Item number .G47 2012
100 ## - MAIN ENTRY--PERSONAL NAME
Personal name Geri Angelo William
245 ## - TITLE STATEMENT
Title An Assesment of the Role of Faith Based Organizations (FBos) in Post War Reconstruction in Yei County, Central, Equatorial State, South Sudan
Statement of responsibility, etc Angelo William Geri
260 ## - PUBLICATION, DISTRIBUTION, ETC. (IMPRINT)
Place of publication, distribution, etc S't Paul's University
Name of publisher, distributor, etc S't Paul's University
Date of publication, distribution, etc 2012
300 ## - PHYSICAL DESCRIPTION
Extent xi,103p
Other physical details ill,;
Dimensions 30cm
500 ## - GENERAL NOTE
General note Includes References and Bibliographies
650 ## - SUBJECT ADDED ENTRY--TOPICAL TERM
Topical term or geographic name as entry element Post War Reconstruction
650 ## - SUBJECT ADDED ENTRY--TOPICAL TERM
Topical term or geographic name as entry element Political Violence
650 ## - SUBJECT ADDED ENTRY--TOPICAL TERM
Topical term or geographic name as entry element Peace Building
942 ## - ADDED ENTRY ELEMENTS (KOHA)
Source of classification or shelving scheme Library of Congress Classification
Item type Thesis
Holdings
Withdrawn status Lost status Source of classification or shelving scheme Damaged status Not for loan Collection code Home library Current library Shelving location Date acquired Cost, normal purchase price Total Checkouts Full call number Barcode Copy number Price effective from Koha item type
    Library of Congress Classification   Not For Loan Non-fiction Bishop Okullu Memorial Library (Limuru Campus) Bishop Okullu Memorial Library (Limuru Campus) Special Collection 25/09/2017 0.00   THE JZ5538 .G47 2012 059905 1 25/09/2017 Thesis